Consolidation of concrete for pavements, bridge decks, and overlays : (Record no. 529353)

000 -LEADER
fixed length control field 01342cam a2200325 i 4500
001 - CONTROL NUMBER
control field 1778247
003 - CONTROL NUMBER IDENTIFIER
control field NUST
005 - DATE AND TIME OF LATEST TRANSACTION
control field 20190924150823.0
008 - FIXED-LENGTH DATA ELEMENTS--GENERAL INFORMATION
fixed length control field 780331s1977 dcua b f000 0 eng
010 ## - LIBRARY OF CONGRESS CONTROL NUMBER
LC control number 77093719
020 ## - INTERNATIONAL STANDARD BOOK NUMBER
International Standard Book Number 030902546X :
Terms of availability $4.80
038 ## - RECORD CONTENT LICENSOR
Staff Name MSOHAIL
040 ## - CATALOGING SOURCE
Original cataloging agency DLC
Transcribing agency DLC
Modifying agency DLC
050 00 - LIBRARY OF CONGRESS CALL NUMBER
Classification number TE278
Item number .N38 1977a
082 00 - DEWEY DECIMAL CLASSIFICATION NUMBER
Classification number 625.84
110 2# - MAIN ENTRY--CORPORATE NAME
Corporate name or jurisdiction name as entry element National Research Council (U.S.).
Subordinate unit Transportation Research Board.
9 (RLIN) 19676
245 10 - TITLE STATEMENT
Title Consolidation of concrete for pavements, bridge decks, and overlays :
Remainder of title research /
Statement of responsibility, etc. sponsored by the American Association of State Highway and Transportation Officials, in cooperation with the Federal Highway Administration.
260 ## - PUBLICATION, DISTRIBUTION, ETC.
Place of publication, distribution, etc. Washington :
Name of publisher, distributor, etc. Transportation Research Board, National Research Council,
Date of publication, distribution, etc. 1977.
300 ## - PHYSICAL DESCRIPTION
Extent 61 p. :
Other physical details ill. ;
Dimensions 28 cm.
440 #0 - SERIES STATEMENT/ADDED ENTRY--TITLE
Title Synthesis of highway practice ;
Volume/sequential designation 44
9 (RLIN) 21261
504 ## - BIBLIOGRAPHY, ETC. NOTE
Bibliography, etc. note Includes bibliographical references.
650 #0 - SUBJECT ADDED ENTRY--TOPICAL TERM
Topical term or geographic name entry element Pavements, Concrete.
9 (RLIN) 20053
650 #0 - SUBJECT ADDED ENTRY--TOPICAL TERM
Topical term or geographic name entry element Bridges
General subdivision Floors.
9 (RLIN) 21262
650 #0 - SUBJECT ADDED ENTRY--TOPICAL TERM
Topical term or geographic name entry element Vibrated concrete.
9 (RLIN) 21263
650 #0 - SUBJECT ADDED ENTRY--TOPICAL TERM
Topical term or geographic name entry element Vibratory compacting.
9 (RLIN) 13081
710 2# - ADDED ENTRY--CORPORATE NAME
Corporate name or jurisdiction name as entry element American Association of State Highway and Transportation Officials.
9 (RLIN) 19553
710 1# - ADDED ENTRY--CORPORATE NAME
Corporate name or jurisdiction name as entry element United States.
Subordinate unit Federal Highway Administration.
9 (RLIN) 20149
906 ## - LOCAL DATA ELEMENT F, LDF (RLIN)
a 7
b cbc
c orignew
d 2
e opcn
f 19
g y-gencatlg
942 ## - ADDED ENTRY ELEMENTS (KOHA)
Source of classification or shelving scheme
Koha item type Book
Holdings
Withdrawn status Lost status Source of classification or shelving scheme Damaged status Not for loan Permanent Location Current Location Date acquired Total Checkouts Full call number Barcode Date last seen Price effective from Koha item type
          School of Civil and Environmental Engineering (SCEE) School of Civil and Environmental Engineering (SCEE) 09/24/2019   625.84 NIT-10856 09/24/2019 09/24/2019 Book
© 2023 Central Library, National University of Sciences and Technology. All Rights Reserved.